| Tag |
First Indicator |
Second Indicator |
Subfields |
| LEADER |
00000cam a2200000 4500 |
| 001 |
in00000767113 |
| 005 |
20151017051843.0 |
| 008 |
770713s1946 nyu 00010 eng c |
| 010 |
|
|
|a a 48006509
|
| 035 |
|
|
|a (OCoLC)03112082
|
| 035 |
|
|
|9 ADK7667AM
|
| 040 |
|
|
|a Illinois. Univ. Library
|c IVD
|d TXA
|d UtOrBLW
|
| 041 |
1 |
|
|a eng
|a ger
|
| 049 |
|
|
|a TXAM
|c [239201]
|
| 090 |
|
|
|a PT2621.A26
|b F73 1946
|
| 092 |
|
|
|a 830.8
|b K11f2
|
| 100 |
1 |
|
|a Kafka, Franz,
|d 1883-1924.
|
| 245 |
1 |
2 |
|a A Franz Kafka miscellany. :
|b Pre-fascist exile.
|
| 250 |
|
|
|a [Rev. enl. 2d ed.].
|
| 264 |
|
1 |
|a New York :
|b Twice a Year Press,
|c [1946]
|
| 300 |
|
|
|a 120 pages ;
|c 24 cm.
|
| 336 |
|
|
|a text
|b txt
|2 rdacontent
|
| 337 |
|
|
|a unmediated
|b n
|2 rdamedia
|
| 338 |
|
|
|a volume
|b nc
|2 rdacarrier
|
| 500 |
|
|
|a "Originally published as a supplement to issues v-vi of Twice a year (a book of literature, the arts and civil liberties) Originally intended to be included in the issue itself, it grew to the proportions of a separate volume."
|
| 500 |
|
|
|a With the exception of the extract from Max Brod's Biography of Franz Kafka (tr. by G. Humphreys-Roberts) the translations are by Sophie Prombaum.
|
| 500 |
|
|
|a "The ... excerpts from ... The castle are taken from the final sixty-six pages of the second German edition. These pages, comprising an additional two-and-a-half chapters, had not been included in the first edition, which was translated by Edwin and Willa Muir."
|
| 505 |
0 |
|
|a Franz Kafka--pre-fascist exile, by Harry Slochower.--[Extracts] from Biography of Franz Kafka, by Max Brod.--Franz Kafka: Extracts from Franz Kafka's letter to my father, by Max Brod.--Franz Kafka: autobiographical sketch.--Franz Kafka, by Edwin Muir.--An old page (a parable) by Franz Kafka.--The proclamation, by Franz Kafka.--Outline for a worker's collective, by Franz Kafka.--[Selections] from Meditations, by Franz Kafka.--Selections and excerpts from letters, by Franz Kafka.--[Selections] from diaries and notebooks, by Franz Kafka.--Excerpts from final passages of The castle, by Franz Kafka.--The vogue of Franz Kafka, by Harry Slochower.--Biographical note on Franz Kafka.
|
| 700 |
1 |
|
|a Slochower, Harry,
|d 1900-
|
| 700 |
1 |
|
|a Muir, Edwin,
|d 1887-1959.
|
| 700 |
1 |
|
|a Humphreys-Roberts, G.
|
| 700 |
1 |
|
|a Prombaum, Sophie.
|
| 999 |
|
|
|a MARS
|
| 999 |
f |
f |
|s b9df0359-cadc-3055-8915-cc16779d7b26
|i 4f8424f4-e4d5-31f2-8e97-95386a32fe98
|t 0
|
| 952 |
f |
f |
|p normal
|a Texas A&M University
|b College Station
|c Sterling C. Evans Library
|d Evans: Library Stacks
|t 0
|e PT2621.A26 F73 1946
|h Library of Congress classification
|i unmediated -- volume
|m A14801349543
|
| 998 |
f |
f |
|a PT2621.A26 F73 1946
|t 0
|l Evans: Library Stacks
|